| 000 | 00662nam a2200265Ia 4500 | ||
|---|---|---|---|
| 008 | 210210b2012 xxu||||| |||| 00| 0 eng d | ||
| 020 | _a9780198068476 | ||
| 041 | _aeng | ||
| 082 | _a320.954 KOHP | ||
| 100 | _aKOHLI (Atul) | ||
| 245 | _aDemocracy and development in India: from socialism to pro-business | ||
| 260 |
_aNew Delhi _bOxford University Press _c2012 |
||
| 300 | _ax,447 | ||
| 650 | _ato | ||
| 650 | _asocialism | ||
| 650 | _apro-business | ||
| 650 | _aIndia: | ||
| 650 | _ain | ||
| 650 | _afrom | ||
| 650 | _adevelopment | ||
| 650 | _aDemocracy | ||
| 650 | _aand | ||
| 690 | _aPolitical Situation & Condition | ||
| 906 | _a066471 | ||
| 999 |
_c147728 _d147728 |
||